Central Library OPAC University of Rajshahi

বিজ্ঞানের দর্শন / (Record no. 38671)

MARC details
000 -LEADER
fixed length control field 00865nam a2200241 a 4500
001 - CONTROL NUMBER
control field 38671
003 - CONTROL NUMBER IDENTIFIER
rucl marc code BD-RjUL
005 - DATE AND TIME OF LATEST TRANSACTION
control field 20211209052834.0
008 - FIXED-LENGTH DATA ELEMENTS--GENERAL INFORMATION
fixed length control field 160204s2005 bg ||||| |||| 00| 0 ben d
020 ## - INTERNATIONAL STANDARD BOOK NUMBER
International Standard Book Number 9847290253
035 ## - SYSTEM CONTROL NUMBER
System control number (BD-RjUL)38780
040 ## - CATALOGING SOURCE
Original cataloging agency BD-RjUL
Language of cataloging ben
Transcribing agency BD-RjUL
041 ## - LANGUAGE CODE
Language code of text/sound track or separate title ben
082 ## - DEWEY DECIMAL CLASSIFICATION NUMBER
Classification number 501
Author mark and year ISB 2005
100 ## - MAIN ENTRY--PERSONAL NAME
Personal name ইসলাম, শহিদুল
9 (RLIN) 119329
245 ## - TITLE STATEMENT
Title বিজ্ঞানের দর্শন /
Statement of responsibility, etc. শহিদুল ইসলাম
Number of part/section of a work (প্রথম খন্ড)
260 ## - PUBLICATION, DISTRIBUTION, ETC. (IMPRINT)
Place of publication, distribution, etc. শাহবাগ, ঢাকা :
Name of publisher, distributor, etc. শিক্ষাবার্তা প্রকাশনা,
Date of publication, distribution, etc. ২০০৫
300 ## - PHYSICAL DESCRIPTION
Pagination খন্ড ;
Size ২২ সেমি.
505 ## - FORMATTED CONTENTS NOTE
Formatted contents note খন্ড. ১ --
650 ## - SUBJECT ADDED ENTRY--TOPICAL TERM
Topical term or geographic name as entry element বিজ্ঞান
General subdivision দর্শন
9 (RLIN) 118339
Topical term or geographic name as entry element Science
General subdivision Philosophy
9 (RLIN) 119330
942 ## - ADDED ENTRY ELEMENTS (KOHA)
Source of classification or shelving scheme Dewey Decimal Classification
Koha item type Books
Holdings
Lost status Source of classification or shelving scheme Damaged status Not for loan Collection code Permanent Location Current Location Shelving location Date acquired Source of acquisition Cost, normal purchase price Total Checkouts Full call number Date last seen Date checked out Copy number Koha item type
  Dewey Decimal Classification     Non-fiction Central Library, University of Rajshahi Central Library, University of Rajshahi   04/06/2005 ফলিত রসায়ন ও রাসায়নিক প্রযুক্তিবিদ্যা বিভাগ, রা:বি: 200.00 2 B 501 ISB V-1 2005 06/03/2016 23/02/2016 C-2 Books
  Dewey Decimal Classification   Not For Loan Non-fiction Central Library, University of Rajshahi Central Library, University of Rajshahi Reading Room 04/06/2005 ফলিত রসায়ন ও রাসায়নিক প্রযুক্তিবিদ্যা বিভাগ, রা:বি: 200.00   B 501 ISB V-1 2005 06/02/2016   C-1 Books
  Dewey Decimal Classification     Non-fiction Central Library, University of Rajshahi Central Library, University of Rajshahi   04/06/2005 ফলিত রসায়ন ও রাসায়নিক প্রযুক্তিবিদ্যা বিভাগ, রা:বি: 200.00   B 501 ISB V-1 2005 06/02/2016   C-3 Books
  Dewey Decimal Classification     Non-fiction Central Library, University of Rajshahi Central Library, University of Rajshahi   04/06/2005 ফলিত রসায়ন ও রাসায়নিক প্রযুক্তিবিদ্যা বিভাগ, রা:বি: 200.00 2 B 501 ISB V-1 2005 15/03/2023 26/02/2023 C-4 Books
  Dewey Decimal Classification     Non-fiction Central Library, University of Rajshahi Central Library, University of Rajshahi   04/06/2005 ফলিত রসায়ন ও রাসায়নিক প্রযুক্তিবিদ্যা বিভাগ, রা:বি: 200.00   B 501 ISB V-1 2005 11/02/2016   C-5 Books
  Dewey Decimal Classification     Non-fiction Central Library, University of Rajshahi Central Library, University of Rajshahi   04/06/2005 Ra B folito Roshaon o Roshaon Prozukti Bivag 200.00   B 501 ISB V-1 2005 07/08/2016   C-6 Books
  Dewey Decimal Classification     Non-fiction Central Library, University of Rajshahi Central Library, University of Rajshahi   04/06/2005 Ra B folito Roshaon o Roshaon Prozukti Bivag 200.00   B 501 ISB V-1 2005 07/08/2016   C-7 Books
  Dewey Decimal Classification     Non-fiction Central Library, University of Rajshahi Central Library, University of Rajshahi   04/06/2005 Ra B folito Roshaon o Roshaon Prozukti Bivag 200.00   B 501 ISB V-1 2005 02/10/2016   C-8 Books
  Dewey Decimal Classification     Non-fiction Central Library, University of Rajshahi Central Library, University of Rajshahi   04/06/2005 Ra B folito Roshaon o Roshaon Prozukti Bivag 200.00 1 B 501 ISB V-1 2005 13/01/2020 05/11/2019 C-9 Books
  Dewey Decimal Classification     Non-fiction Central Library, University of Rajshahi Central Library, University of Rajshahi   04/06/2005 Ra B folito Roshaon o Roshaon Prozukti Bivag 200.00   B 501 ISB V-1 2005 03/12/2016   C-10 Books